Adaptace: trendy konverzie hibernujících městských celků
Neustále rastúci počet svetových príkladov ukazuje na možnosť využitia brownfieldov ako palety mestotvorných nástrojov, ktoré sú nevyhnutné pre naplňovanie trendov a potrieb urbanistického navrhovania. Významný súčasný potenciál týchto areálov spočíva vo vytváraní inkubátorov nových typologií reaguj...
Gespeichert in:
| 1. Verfasser: | |
|---|---|
| Format: | Buchkapitel |
| Sprache: | Tschechisch |
| Schlagworte: | |
| Tags: |
Keine Tags, Fügen Sie das erste Tag hinzu!
|
MARC
| LEADER | 00000nla a2200000 4500 | ||
|---|---|---|---|
| 001 | 0246200 | ||
| 005 | 20240417075141.7 | ||
| 041 | 0 | |a cze | |
| 044 | |a CZ | ||
| 245 | 1 | 0 | |a Adaptace: trendy konverzie hibernujících městských celků |c Tomáš Kozelský |
| 520 | |a Neustále rastúci počet svetových príkladov ukazuje na možnosť využitia brownfieldov ako palety mestotvorných nástrojov, ktoré sú nevyhnutné pre naplňovanie trendov a potrieb urbanistického navrhovania. Významný súčasný potenciál týchto areálov spočíva vo vytváraní inkubátorov nových typologií reagujúcích na zmenu životného a pracovného cyklu populácie. Možno ich preto vnímať ako rozhranie pre vytváranie prototypov urbanistického rozvoja s možnosťou testovania v každodennom živote. Tato skutočnosť tak stavia hybernujúce industriálne zóny do pozície dôležitého elementu pre definovanie nového, kvalitnejšieho mestského prostredia. | ||
| 610 | 2 | 0 | |a mestá |
| 610 | 2 | 0 | |a transformácia |
| 610 | 2 | 0 | |a adaptácia |
| 610 | 2 | 0 | |a urbanizácia |
| 610 | 2 | 0 | |a urbanizmus |
| 610 | 2 | 0 | |a parky priemyselné |
| 610 | 2 | 0 | |a technológie nové |
| 100 | 1 | |a Kozelský, Tomáš | |